Guía artística de Sevilla (Record no. 68682)
[ view plain ]
| 000 -LEADER | |
|---|---|
| campo de control de longitud fija | 00809nam a2200205 i 4500 |
| 001 - NÚMERO DE CONTROL | |
| campo de control | 68682 |
| 003 - IDENTIFICADOR DE NÚMERO DE CONTROL | |
| campo de control | ES-MaACL |
| 005 - FECHA Y HORA DE LA ÚLTIMA TRANSACCIÓN | |
| campo de control | 20251120063132.0 |
| 007 - CAMPO FIJO DE DESCRIPCIÓN FÍSICA--INFORMACIÓN GENERAL | |
| campo de control de longitud fija | t| |
| 008 - DATOS DE LONGITUD FIJA--INFORMACIÓN GENERAL | |
| campo de control de longitud fija | 960827s1900 sp a ||||1| spa d |
| 040 ## - FUENTE DE CATALOGACIÓN | |
| Centro catalogador/agencia de origen | CAM |
| Lengua de catalogación | spa |
| Centro/agencia transcriptor | CAM |
| 100 1# - ENTRADA PRINCIPAL--NOMBRE DE PERSONA | |
| Nombre de persona | Gestoso y Pérez, José, |
| Fechas asociadas al nombre | 1852-1917 |
| 9 (RLIN) | 56532 |
| 245 10 - MENCIÓN DEL TÍTULO | |
| Título | Guía artística de Sevilla |
| Resto del título | : historia y descripción de sus monumentos religiosos y civiles y noticia de las preciosidades artístico-arqueológicas que en ellos se conservan / |
| Mención de responsabilidad, etc. | por José Gestoso y Perez. |
| 250 ## - MENCION DE EDICION | |
| Mención de edición | 4ª ed. ilustrada con fotograbados. |
| 260 ## - PUBLICACIÓN, DISTRIBUCIÓN, ETC. | |
| Lugar de publicación, distribución, etc. | Sevilla : |
| Nombre del editor, distribuidor, etc. | [s.n.], |
| Fecha de publicación, distribución, etc. | 1900 ( |
| Fabricante | Oficina de La Andalucía Moderna) |
| 300 ## - DESCRIPCIÓN FÍSICA | |
| Extensión | 327, 6 p. : |
| Otras características físicas | il. ; |
| Dimensiones | 15 cm. |
| 651 #4 - PUNTO DE ACCESO ADICIONAL DE MATERIA--NOMBRE GEOGRÁFICO | |
| Nombre geográfico | Sevilla- |
| Subdivisión de forma | Guías turísticas. |
| 9 (RLIN) | 9386 |
| 852 ## - LOCALIZACIÓN | |
| Ubicación | ES-MaACL |
| Número de control de estantería | D-3322 |
| Estatus retirado | Estado de pérdida | Estado de daño | No para préstamo | Colección | Biblioteca de origen | Biblioteca actual | Ubicación en estantería | Fecha de adquisición | Fuente de adquisición | Total de préstamos | Signatura topográfica completa | Código de barras | Visto por última vez | Precio de reemplazo | Tipo de ítem Koha |
|---|---|---|---|---|---|---|---|---|---|---|---|---|---|---|---|
| Libros del s. XIX | Biblioteca del Ateneo de Madrid | Biblioteca del Ateneo de Madrid | Sala Valle Inclán | 17/01/2008 | D-3322 | 901071905 | 23/02/2023 | 23/02/2023 | Libro impreso antiguo |
